|
|
|
|
| LEADER |
01186nam a2200301 a 4500 |
| 001 |
GR-MES12927 |
| 008 |
070831s gr b 001 0 gre d |
| 020 |
|
|
|a 0600603202
|
| 040 |
|
|
|a GrPaTEI
|b gre
|c GR-PaULI
|
| 040 |
|
|
|a GrPaTEI
|b gre
|c GR-PaULI
|
| 082 |
|
0 |
|a 635
|2 21
|
| 100 |
1 |
|
|a Newbury, Tim
|
| 245 |
1 |
0 |
|a Planting by number :
|b [Just follow the numbres to create 40 great designs] /
|c Tim Newbury.
|
| 260 |
|
|
|a Great Britain :
|b Octopus publishing group Ltd,
|c c2002
|
| 300 |
|
|
|a 128σ.
|
| 300 |
|
|
|c εικ.
|
| 300 |
|
|
|d 24εκ.
|
| 504 |
|
|
|a Περιλαμβάνει βιβλιογραφίες και ευρετήριο.
|
| 650 |
|
0 |
|a Color in gardening
|
| 650 |
|
0 |
|a Landscape gardening
|
| 650 |
|
4 |
|a Αρχιτεκτονική κήπων
|
| 650 |
|
4 |
|a Κηποτεχνία
|
| 653 |
|
|
|a Gardens--Design and plants
|
| 653 |
|
|
|a Gardens--Styles
|
| 942 |
|
|
|2 ddc
|
| 952 |
|
|
|0 0
|1 0
|2 ddc
|4 0
|6 635_000000000000000_NEW
|7 0
|9 271482
|a MSLG
|b MSLG
|c BSC
|d 2021-01-17
|e 24
|f 0
|g 0.00
|l 0
|o 635 NEW
|p 2420000022198
|r 2021-01-17 00:00:00
|t 1
|v 2021.00
|w 2021-01-17
|y BK15
|x Μεταφορά από Αμαλιάδα (18/10/22)
|x GrPaTEI
|
| 971 |
|
|
|a .b25789740
|b 15-04-20
|c 13-09-16
|
| 999 |
|
|
|c 156823
|d 156823
|